000 00450nam a2200181Ia 4500
001 12868
005 20260306163012.0
008 260306t1968||||xx |||||||||||||| ||spa||
041 _aESP
082 _aRD 420.3
_bF96
100 _aA Division of Reader´s Digest Books
_eAUT
245 0 _aStanford encyclopedic dictionary
260 _c1968
300 _a1138 páginas :
_c28 cm.
650 _aGEN
654 _aCHU
942 _cLIB
_dJUS
_fJUS
_2ddc
_n
999 _c12868
_d12868